000 00480nam a2200181Ia 4500
008 090123s9999 xx 000 0 und d
082 _b25142
100 _aटिकेकर अरुण
245 _aजन मन
250 _a1
260 _bविद्या प्रकाशन
300 _a237
600 _aटिकेकर अरुण
630 _aजन मन
700 _aटिकेकर अरुण
730 _aजन मन
942 _cBOOK
999 _c63213
_d63213